Biodromálna psychológia pre pomáhajúce profesie učebný text

Bibliographic Details
Main Author: Machalová, Mária, 1944- (Author)
Format: Book
Language:Slovak
PhysicalDescription:107 s. sch., tab. 21 cm
Published: V Prešove Prešovská univerzita, Pravoslávna bohoslovecká fakulta 2011
ISBN:9788055503219
Edition:2. dopl. a rozš. vyd.
Subjects:

MARC

LEADER 00000nam a22000005a 4500
001 vtls010276952
003 SK-MaSNL
005 20260302011736.0
008 240318s2011 xo l e p 000 0 slo
015 |a SNBA2011/07-03978 
020 |a 9788055503219  |q (brož.) 
035 |a 4F284C1E-AB62-46A8-B040-91294FA31B86 
035 |a urn:nbn:sk:snk-amjhs0 
035 |a urn:nbn:sk:snk-am001y5d 
040 |a SNK  |b slo  |c SNK  |e AACR2 
041 0 |a slo  |b eng 
044 |a xo  |c SK 
072 7 |a 159.92  |x Vývinová psychológia. Psychológia osobnosti  |2 konspekt 
080 |a 159.922/.923  |2 2001 
080 |a 364-4  |2 2001 
080 |a 364-78  |2 2001 
080 |a (07)  |2 2001 
100 1 |a Machalová, Mária,  |d 1944-  |4 aut  |9 500938 
245 1 0 |a Biodromálna psychológia pre pomáhajúce profesie  |b učebný text  |c Mária Machalová 
250 |a 2. dopl. a rozš. vyd. 
260 |a V Prešove  |b Prešovská univerzita, Pravoslávna bohoslovecká fakulta  |c 2011 
300 |a 107 s.  |b sch., tab.  |c 21 cm 
504 |a Bibliogr. s. 100-106 
546 |a Res. angl. 
650 0 7 |a psychológia životnej cesty  |2 SNKPH  |9 78295 
650 0 7 |a pomáhajúce profesie  |2 SNKPH  |9 75467 
650 0 7 |a sociálna práca  |2 SNKPH  |9 1550 
650 0 7 |a Lifespan psychology  |2 SNKPHeng  |9 334831 
650 0 7 |a Helping professions  |2 SNKPHeng  |9 275967 
650 0 7 |a Social work  |2 SNKPHeng  |9 268197 
655 7 |a učebné texty  |2 SNKPH  |9 70568 
655 7 |a Educational texts  |2 SNKPHeng  |9 277375 
752 |a Slovensko  |d Prešov 
919 |a 978-80-555-0321-9 
958 |a NB 
968 |d 1 
999 |c 1007249  |d 1009179 
952 |a SNK  |b SNK  |y PREZ  |7 0  |p 17A0702392  |o snkSC 145293  |i snk2011/10503  |8 0  |0 0  |1 0  |4 0  |d 2011-05-09  |l 0  |r 2025-07-14 00:00:00  |w 2026-02-24 
952 |a SNK  |b SNK  |y VYP  |7 0  |p 17A0702393  |o snkSC 145293 D1  |i snk2011/10504  |8 0  |0 0  |1 0  |4 0  |d 2011-05-09  |l 0  |r 2026-02-24 12:40:12  |w 2026-02-24 
952 |t snkMACH 364-4  |a SNKUST  |b SNKUST  |y PREZ  |7 0  |p 17A1111897  |o snkSC 145293 D2  |i snk2014/13451  |8 0  |0 0  |1 0  |4 0  |d 2014-06-09  |l 0  |r 2025-03-20 00:00:00  |w 2026-02-24